[Event "Ostrava Konik op"]
[Site "Ostrava"]
[Date "2014.05.03"]
[Round "8"]
[White "Blecha, Josef"]
[Black "Kuchar, Matej"]
[Result "1/2-1/2"]
[WhiteElo "1890"]
[BlackElo "1693"]
[PlyCount "50"]
[EventDate "2014.04.26"]
[EventType "swiss"]
[EventRounds "9"]
[EventCountry "CZE"]
[SourceTitle "CBM 160 Extra"]
[Source "ChessBase"]
[SourceDate "2014.07.01"]
[SourceVersion "1"]
[SourceVersionDate "2014.07.01"]
[SourceQuality "1"]

1. e4 c5 2. d4 cxd4 3. Qxd4 Nc6 4. Qe3 Nf6 5. Nc3 e6 6. Bd3 Be7 7. h3 d5 8. exd5 exd5 9. Qd2 0-0 10. Nge2 Nb4 11. 0-0 Nxd3 12. Qxd3 h6 13. Bf4 Be6 14. Rad1 Qb6 15. Qb5 Qxb5 16. Nxb5 a6 17. Nbd4 Rfe8 18. Nxe6 fxe6 19. Nd4 Bc5 20. Nf3 Ne4 21. Be5 Rac8 22. c3 Rf8 23. Bd4 Bd6 24. Nd2 Nxd2 25. Rxd2 Bc5 1/2-1/2

[Event "Ostrava Konik op"]
[Site "Ostrava"]
[Date "2014.05.01"]
[Round "6"]
[White "Blecha, Josef"]
[Black "Lipovsky, Tomas"]
[Result "0-1"]
[WhiteElo "1890"]
[BlackElo "2011"]
[PlyCount "64"]
[EventDate "2014.04.26"]
[EventType "swiss"]
[EventRounds "9"]
[EventCountry "CZE"]
[SourceTitle "CBM 160 Extra"]
[Source "ChessBase"]
[SourceDate "2014.07.01"]
[SourceVersion "1"]
[SourceVersionDate "2014.07.01"]
[SourceQuality "1"]

1. e4 e5 2. Nf3 Nc6 3. d4 exd4 4. Nxd4 Qf6 5. Nb3 Bb4+ 6. c3 Be7 7. Be3 d6 8. Be2 Qg6 9. Bf3 Nf6 10. N1d2 Ne5 11. Qe2 0-0 12. Bf4 c5 13. 0-0-0 Be6 14. h4 h5 15. Bg5 c4 16. Nd4 Nd3+ 17. Kb1 d5 18. Bxf6 Qxf6 19. exd5 Nf4 20. Qxc4 Rac8 21. Qb3 Bg4 22. Ka1 Rfd8 23. Ne4 Qa6 24. c4 Rxc4 25. d6 Bxd6 26. Nb5 Rxe4 27. Rxd6 Rxd6 28. Bxe4 Rb6 29. Nc7 Qe2 30. Qc2 Qxc2 31. Bxc2 Rc6 32. Rc1 Nd3 0-1

[Event "Ostrava Konik op-B"]
[Site "Ostrava"]
[Date "2012.05.01"]
[Round "4"]
[White "Parakhoni, Andrey"]
[Black "Blecha, Josef"]
[Result "1-0"]
[WhiteElo "1751"]
[BlackElo "1929"]
[PlyCount "63"]
[EventDate "2012.04.28"]
[EventType "swiss"]
[EventRounds "9"]
[EventCountry "CZE"]
[SourceTitle "CBM 148 Extra"]
[Source "ChessBase"]
[SourceDate "2012.06.22"]
[SourceVersion "1"]
[SourceVersionDate "2012.06.22"]
[SourceQuality "1"]

1. Nf3 Nf6 2. c4 e6 3. Nc3 a6 4. g3 d5 5. cxd5 exd5 6. d4 Be7 7. Bg2 0-0 8. 0-0 c6 9. Bf4 Nh5 10. Bd2 Nd7 11. Ne1 g6 12. Nd3 f5 13. Qb3 Qb6 14. Qxb6 Nxb6 15. b3 Nf6 16. Bg5 Kg7 17. Rac1 h6 18. Bxf6+ Rxf6 19. e3 Be6 20. Ne2 g5 21. Kh1 Bf7 22. Ne5 Bh5 23. Bf3 Bxf3+ 24. Nxf3 Bd6 25. h4 g4 26. Ne1 Re6 27. Nd3 Nd7 28. Nef4 Re4 29. Rfd1 Rae8 30. Kg2 Nf6 31. Rc2 R8e7 32. Rdc1 1-0

[Event "Ostrava Konik op-B"]
[Site "Ostrava"]
[Date "2011.05.08"]
[Round "9"]
[White "Blecha, Josef"]
[Black "Sovadina, Jiri"]
[Result "1-0"]
[WhiteElo "1929"]
[BlackElo "1994"]
[PlyCount "55"]
[EventDate "2011.04.30"]
[EventType "swiss"]
[EventRounds "9"]
[EventCountry "CZE"]
[SourceTitle "CBM 142 Extra"]
[Source "ChessBase"]
[SourceDate "2011.06.27"]
[SourceVersion "1"]
[SourceVersionDate "2011.06.27"]
[SourceQuality "1"]

1. e4 e5 2. Nf3 Nc6 3. d4 exd4 4. Nxd4 Nf6 5. Nxc6 bxc6 6. Bd3 Be7 7. 0-0 d5 8. e5 Ng4 9. Bf4 f6 10. exf6 Nxf6 11. Nc3 0-0 12. Bg3 Rb8 13. Rb1 c5 14. Be2 Be6 15. Bf3 d4 16. Qe2 Qd7 17. Rfe1 Kf7 18. Ne4 Nd5 19. c3 Bf5 20. Qc4 Be6 21. Nxc5 Bxc5 22. Rxe6 Kxe6 23. Bxd5+ Kf6 24. Qxc5 Rfe8 25. Qxd4+ Kg6 26. Be4+ Rxe4 27. Qxd7 Rxb2 28. Qd3 1-0

[Event "Ostrava op"]
[Site "Ostrava"]
[Date "2010.05.03"]
[Round "3"]
[White "Kredl, Karel"]
[Black "Blecha, Josef"]
[Result "1/2-1/2"]
[WhiteElo "2090"]
[BlackElo "1915"]
[PlyCount "84"]
[EventDate "2010.05.01"]
[EventType "swiss"]
[EventRounds "9"]
[EventCountry "CZE"]
[SourceTitle "EXT 2011"]
[Source "ChessBase"]
[SourceDate "2010.11.26"]
[SourceVersion "1"]
[SourceVersionDate "2010.11.26"]
[SourceQuality "1"]

1. e4 e5 2. Nf3 Nf6 3. Nxe5 Qe7 4. Nf3 Nxe4 5. Be2 d5 6. 0-0 Qd6 7. d3 Nf6 8. d4 Be7 9. Ne5 0-0 10. c3 c5 11. b3 Qd8 12. Be3 cxd4 13. cxd4 Nc6 14. Nxc6 bxc6 15. Nc3 Re8 16. h3 a5 17. Rc1 Bb7 18. Bd3 Bb4 19. Na4 Rc8 20. Bg5 Qd6 21. Bxf6 Qxf6 22. Nc5 Bxc5 23. Rxc5 Ra8 24. Re1 g6 25. Bf1 Rxe1 26. Qxe1 a4 27. Qb4 Qe7 28. bxa4 Qc7 29. a5 Ba6 30. Qb6 Qxb6 31. axb6 Bb7 32. Rc2 Ra4 33. Rd2 Rb4 34. Kh2 Rxb6 35. Kg3 f6 36. Kf4 Kf7 37. h4 Rb4 38. Ke3 Ke6 39. g3 Kd6 40. Bd3 c5 41. dxc5+ Ke6 42. Rc2 Bc6 1/2-1/2

[Event "Pobeskydy ArcelorMittal op 21st"]
[Site "Frydek Mistek"]
[Date "2010.04.02"]
[Round "4"]
[White "Lys, Josef"]
[Black "Blecha, Josef"]
[Result "1-0"]
[WhiteElo "2249"]
[BlackElo "1926"]
[PlyCount "85"]
[EventDate "2010.04.01"]
[EventType "swiss"]
[EventRounds "9"]
[EventCountry "CZE"]
[SourceTitle "CBM 135 Extra"]
[Source "ChessBase"]
[SourceDate "2010.05.04"]
[SourceVersion "1"]
[SourceVersionDate "2010.05.04"]
[SourceQuality "1"]

1. d4 Nf6 2. Bg5 d5 3. e3 e6 4. Nf3 Be7 5. c4 0-0 6. Nc3 Nbd7 7. Be2 c6 8. 0-0 dxc4 9. Bxc4 Nd5 10. Bxe7 Qxe7 11. e4 Nxc3 12. bxc3 e5 13. Qc2 exd4 14. cxd4 Nb6 15. Bd3 g6 16. a4 Be6 17. a5 Nd7 18. a6 b6 19. Qxc6 Rfc8 20. Qb5 Rc3 21. Ne1 f6 22. f4 Rac8 23. Rb1 Kg7 24. Rb2 Bc4 25. Bxc4 R8xc4 26. Qd5 Nf8 27. Nf3 Ra4 28. e5 f5 29. Rb3 Rc2 30. Qb5 Rac4 31. Rb2 R2c3 32. g3 Ne6 33. d5 Nc5 34. Rb4 Re4 35. Ng5 Ree3 36. d6 Qf8 37. Qc6 Qd8 38. Rb5 Qd7 39. Rxc5 Qxc6 40. Rxc6 Rxc6 41. Rd1 Re2 42. d7 Rcc2 43. Nf3 1-0

[Event "Ostrava op"]
[Site "Ostrava"]
[Date "2009.05.07"]
[Round "6"]
[White "Vanicek, Adolf"]
[Black "Blecha, Josef"]
[Result "0-1"]
[WhiteElo "1865"]
[BlackElo "1890"]
[PlyCount "90"]
[EventDate "2009.05.02"]
[EventType "swiss"]
[EventRounds "9"]
[EventCountry "CZE"]
[SourceTitle "EXT 2011"]
[Source "ChessBase"]
[SourceDate "2010.11.26"]
[SourceVersion "1"]
[SourceVersionDate "2010.11.26"]
[SourceQuality "1"]

1. f4 Nf6 2. Nf3 d5 3. d4 Bf5 4. e3 e6 5. Bd3 Bg6 6. 0-0 Ne4 7. Nbd2 Nd7 8. Ne5 Nxd2 9. Qxd2 Bd6 10. c3 c6 11. Qc2 Bxd3 12. Qxd3 f6 13. Nf3 Qb6 14. Bd2 f5 15. b4 Be7 16. a4 0-0 17. Rfb1 Qc7 18. c4 Rfc8 19. c5 a6 20. b5 Bf6 21. Ra3 axb5 22. axb5 Rxa3 23. Qxa3 cxb5 24. Rxb5 b6 25. cxb6 Nxb6 26. Qa6 Rb8 27. Ba5 Bd8 28. Rc5 Qb7 29. Qb5 Bf6 30. Rc6 Nc4 31. Qxb7 Rxb7 32. Be1 Kf7 33. Bf2 Rb1+ 34. Ne1 Nxe3 35. Bxe3 Rxe1+ 36. Kf2 Ra1 37. Rc7+ Ke8 38. Rc2 Rh1 39. h3 Rd1 40. Ke2 Ra1 41. Kf2 h5 42. Ke2 Kd7 43. Kf2 Ra4 44. Rd2 Kc6 45. Ke2 Ra3 0-1

[Event "Moravia-Silesia Region-chT 0708"]
[Site "Czech Republic"]
[Date "2007.11.11"]
[Round "2.7"]
[White "Zidek, Vaclav"]
[Black "Blecha, Josef"]
[Result "1/2-1/2"]
[WhiteElo "1997"]
[BlackElo "2010"]
[PlyCount "101"]
[EventDate "2007.10.28"]
[EventType "team-tourn"]
[EventRounds "11"]
[EventCountry "CZE"]
[SourceTitle "EXT 2024"]
[Source "ChessBase"]
[SourceDate "2023.10.10"]
[SourceVersion "1"]
[SourceVersionDate "2023.10.10"]
[SourceQuality "1"]

1. d4 Nf6 2. Nc3 d5 3. Bg5 Bf5 4. f3 Nc6 5. e3 a6 6. Bd3 Bg6 7. Nge2 e6 8. e4 dxe4 9. fxe4 Be7 10. e5 Nd5 11. Bxe7 Ncxe7 12. Qd2 Nf5 13. Bxf5 Bxf5 14. 0-0 0-0 15. Ng3 Bg6 16. Nce4 Qh4 17. Rae1 Rad8 18. c4 Nb6 19. b3 Nd7 20. Rf4 Qe7 21. Qf2 c5 22. Nxc5 Nxc5 23. dxc5 Rd3 24. Ne4 Bxe4 25. Rfxe4 Rfd8 26. h3 a5 27. R4e3 Rd2 28. R3e2 R2d3 29. Re3 Rd2 30. R3e2 R2d3 31. c6 bxc6 32. Qb6 a4 33. bxa4 Ra3 34. Qxc6 Qa7+ 35. Kh2 h6 36. Rb1 Rxa4 37. Qe4 Rxa2 38. Rxa2 Qxa2 39. Rb7 Qf2 40. Qf3 Qxf3 41. gxf3 Rc8 42. Rb4 Rc5 43. f4 f6 44. exf6 gxf6 45. Kg3 Kf7 46. Kf3 Ke7 47. Ke4 Kd6 48. Kd4 Rf5 49. Ke4 Rc5 50. Kd4 Rf5 51. Ke4 1/2-1/2

[Event "Pobeskydy Radegast 17th"]
[Site "Frydek Mistek"]
[Date "2006.04.13"]
[Round "1"]
[White "Zilka, Stepan"]
[Black "Blecha, Josef"]
[Result "1-0"]
[WhiteElo "2345"]
[BlackElo "1977"]
[PlyCount "93"]
[EventDate "2006.04.13"]
[EventType "swiss"]
[EventRounds "9"]
[EventCountry "CZE"]
[SourceTitle "CBM 111 Extra"]
[Source "ChessBase"]
[SourceDate "2006.05.09"]
[SourceVersion "1"]
[SourceVersionDate "2006.05.09"]
[SourceQuality "1"]

1. e4 e5 2. Nf3 Nf6 3. d3 d6 4. Be2 c6 5. 0-0 h6 6. Nbd2 Be7 7. a4 Be6 8. b4 Qc7 9. b5 Nbd7 10. Ba3 c5 11. c4 0-0 12. a5 Nh7 13. Ne1 g5 14. Bc1 f5 15. exf5 Bxf5 16. Nc2 Ndf6 17. Ne3 Bg6 18. a6 b6 19. Bf3 Rad8 20. Ne4 Qd7 21. Nc3 h5 22. Bc6 Qe6 23. Ned5 Rb8 24. Nxf6+ Qxf6 25. Be4 Bxe4 26. dxe4 Qg6 27. Nd5 Bd8 28. Qe2 Nf6 29. Nxf6+ Bxf6 30. Ra3 Kg7 31. Rg3 g4 32. Rd3 Bh4 33. h3 Qe6 34. Rc3 Rbe8 35. Qd2 Rf7 36. Qd5 Qg6 37. Rd3 Kh7 38. hxg4 hxg4 39. g3 Be7 40. Kg2 Kg7 41. Rh1 Rh8 42. Rxh8 Kxh8 43. Be3 Qf6 44. Qa8+ Bf8 45. Qc8 Qf3+ 46. Kg1 Rh7 47. Bh6 1-0